| 000 | 01045nam0a2200301 4500 | ||
|---|---|---|---|
| 001 | RU\NLR\BIBL_A\012173946 | ||
| 005 | 20200124100631.0 | ||
| 010 |
_a978-5-17-119431-4 _93000 |
||
| 021 |
_aRU _bКН-П-19-092534 _9КН-П-19-6774 |
||
| 035 | _a(NLR Aleph) 012173946 | ||
| 035 | _a(RuMoRGB)010184315 | ||
| 090 |
_a12254128 _c12254128 |
||
| 100 | _a20191227d2019 u y0rusy50 ca | ||
| 101 | 1 |
_arus _ceng |
|
| 102 | _aRU | ||
| 105 | _ay z |00zy | ||
| 200 | 1 |
_aВластелин Колец _e[трилогия] _fДжон Р. Р. Толкин _gв переводе А. А. Грузберга |
|
| 210 |
_aМосква _cАСТ _d2019 |
||
| 215 |
_a1311 с. _d22 |
||
| 225 | 1 |
_aТолкин _eразные переводы |
|
| 686 | 1 | _aШ6(4Вл)67-445{Лх1299-62} | |
| 700 | 1 |
_aТолкин _bД. Р. Р. _f1892-1973 _gДжон Роналд Руэл _3RU\NLR\AUTH\776532 |
|
| 942 | _cBOOK | ||
| 980 | _aNBR | ||
| 980 | _aNB | ||